header

Theoretical and computational acoustics 2003 (Record no. 138309)

MARC details
000 -LEADER
fixed length control field 01625nam a2200337Ia 4500
245 00 - TITLE STATEMENT
Title Theoretical and computational acoustics 2003
260 ## - PUBLICATION, DISTRIBUTION, ETC. (IMPRINT)
Place of publication River Edge, N.J. :
Name of publisher World Scientific,
Year of publication c2003.
300 ## - PHYSICAL DESCRIPTION
Number of Pages x, 481 p. :
Other physical details ill.
500 ## - GENERAL NOTE
General note "The sixth International Conference on Theoretical and Computational Acoustics (ICTCA) was held August 11-15, 2003 at the Sheraton Waikiki Hotel in Honolulu, Hawaii."--P. v.
650 #0 - SUBJECT ADDED ENTRY--TOPICAL TERM
Topical Term Sound-waves
Topical Term Sound-waves
Topical Term Underwater acoustics
700 1# - ADDED ENTRY--PERSONAL NAME
Personal name Tolstoy, Alexandra,
Personal name Teng, Yu-Chiung.
Personal name Shang, Erchang.
856 40 - ELECTRONIC LOCATION AND ACCESS
Uniform Resource Identifier http://site.ebrary.com/lib/rucke/Doc?id=10174077

No items available.

© 2026 Rongo University
Contact us: librarian | system librarian | Rongo university